000 00610nam a2200229Ia 4500
005 20250108124811.0
008 008 250107s9999 xx 000 0 eng d
020 _a978-93-83931-33-0
037 _aTB
040 _aCRL
_beng
_cCRL
041 _aeng
_2eng
084 _aU8 152Q9
084 _qCRL
100 _aDavidson John Au.
_9729864
245 0 _aTreasury of mystic terms
_cDavidson John Au.
260 _aPunjab, India
_bJ.C.Sethi Secretary
_c2236
365 _aINR
_b90
490 _vPart 1 Vol. 1
650 _aSPIRITUALISM
942 _cTB
_hU8 152Q9
999 _c1234624
_d1234624